Online
Catalog

Camila Henríquez Ureña : (Record no. 18471)

MARC details
000 -CABECERA
campo de control de longitud fija 01288nam a2200241 a 4500
001 - NÚMERO DE CONTROL
campo de control 000018953
005 - FECHA Y HORA DE LA ÚLTIMA TRANSACCIÓN
campo de control 20240229073920.0
008 - DATOS DE LONGITUD FIJA--INFORMACIÓN GENERAL
campo de control de longitud fija 100521s1992 dr c 000 0 spa d
040 ## - FUENTE DE LA CATALOGACIÓN
Centro catalogador/agencia de origen DO-SdBNP
Lengua de catalogación spa
Centro/agencia transcriptor BNPHU
082 ## - NÚMERO DE LA CLASIFICACIÓN DECIMAL DEWEY
Número de clasificación 928.61
Número de documento/Ítem M425c
100 1# - ENTRADA PRINCIPAL--NOMBRE DE PERSONA
Nombre de persona Mateo, Andrés L.,
Fechas asociadas al nombre 1946-
9 (RLIN) 776
245 10 - MENCIÓN DE TÍTULO
Título Camila Henríquez Ureña :
Resto del título la virtud del anonimato /
Mención de responsabilidad, etc. Andrés L. Mateo.
260 ## - PUBLICACIÓN, DISTRIBUCIÓN, ETC.
Lugar de publicación, distribución, etc. Santo Domingo :
Nombre del editor, distribuidor, etc. UASD,
Fecha de publicación, distribución, etc. 1992.
300 ## - DESCRIPCIÓN FÍSICA
Extensión 23 p. :
Otras características físicas retrs. ;
Dimensiones 21 cm.
490 1# - MENCIÓN DE SERIE
Mención de serie Publicaciones de la Universidad Autónoma de Santo Domingo ;
-- Literatura y Sociedad ;
Designación de volumen o secuencia v. 701
500 ## - NOTA GENERAL
Nota general Conferencia leída en el Museo de Historia y Geografía en el año 1985, con motivo de la puesta en circulación de los libros de Camila Henríquez Ureña. Invitación a la lectura y Feminismo.
500 ## - NOTA GENERAL
Nota general Incluye datos biográficos del autor en la contracubierta
500 ## - NOTA GENERAL
Nota general Edición de la comisión Permanente de la Feria Nacional del Libro y de la Universidad Autónoma de Santo Domingo, con motivo de la Feria Iberoamericana del libro.
590 ## - NOTA LOCAL (RLIN)
Nota local Inventariado, 2019/VM
600 14 - PUNTO DE ACCESO ADICIONAL DE MATERIA--NOMBRE DE PERSONA
Nombre de persona HENRÍQUEZ UREÑA, CAMILA,
Fechas asociadas al nombre 1894-1973
9 (RLIN) 2536
650 #4 - PUNTO DE ACCESO ADICIONAL DE MATERIA--TÉRMINO DE MATERIA
Término de materia o nombre geográfico como elemento de entrada Henríquez ureña (familia)
9 (RLIN) 40787
830 #0 - PUNTO DE ACCESO ADICIONAL DE SERIE-TÍTULO UNIFORME
Título uniforme Publicaciones de la Universidad Autónoma de Santo Domingo ;
Nombre de parte o sección de la obra Literatura y Sociedad ;
Número de parte o sección de la obra 701
9 (RLIN) 40788
Holdings
Estado de retiro Estado de pérdida Restricciones de uso No para préstamo Código de colección Localización permanente Ubicación/localización actual Ubicación en estantería Fecha de adquisición Número de inventario Total de préstamos Signatura topográfica completa Código de barras En préstamo Fecha visto por última vez Fecha del último préstamo Número de copia Precio válido a partir de Tipo de ítem Koha Nota pública
        Dominicana de Servicio General Biblioteca Nacional Pedro Henríquez Ureña Depósito 21.05.2010 LF1 1 928.61 M425c 18953-30 31.05.2022 31.05.2022 31.05.2022 e. 3 25.06.2020 Libro y Folleto Colección Dominicana de Servicio  
        Dominicana de Servicio General General Depósito 21.05.2010 LF1   928.61 M425c 18953-40   25.06.2020   e. 4 25.06.2020 Libro y Folleto Colección Dominicana de Servicio  
        Dominicana de Servicio General General Depósito 23.09.2010 LF1   928.61 M425c 18953-50   25.06.2020   e. 5 25.06.2020 Libro y Folleto Colección Dominicana de Servicio Perteneció a la biblioteca personal de Flia. Reyes Duluc
      Excluido de préstamo Patrimonio Dominicano Patrimonio Dominicano Patrimonio Dominicano Depósito 21.05.2010 LF1   928.61 M425c 18953-10   25.06.2020     25.06.2020 Libro y Folleto Colección Patrimonio Dominicano  
      Excluido de préstamo Patrimonio Dominicano Patrimonio Dominicano Patrimonio Dominicano Depósito 21.05.2010 LF1   928.61 M425c 18953-20   25.06.2020   e. 2 25.06.2020 Libro y Folleto Colección Patrimonio Dominicano  

Powered by Koha